Statistiques concernant Franche-Comté en 1900

Cliquez ici pour prendre le quiz!

Statistiques générales

  • Ce quiz a été pris 10 fois
  • Le résultat moyen est 10 sur 15

Statistiques - réponses

VillesNombre d'habitants en 1900% Correct
Besançon55 632
100%
Belfort32 567
89%
Dole14 727
89%
Montbéliard10 034
89%
Pontarlier7 963
89%
Vesoul9 704
89%
Héricourt6 230
78%
Lons-le-Saunier12 735
78%
Audincourt7 347
67%
Lure6 062
67%
Saint-Claude10 449
67%
Gray6 676
56%
Salins-les-Bains5 525
22%
Morez5 449
11%
Fougerolles5 695
0%

Distribution des résultats

Percentile par nombre de réponses

% des personnes avec chaque résultat

Votre développement - résultats

Vous n’avez pas pris ce quiz